00475nam a2200157 a 45000010005000000030009000050080041000140400028000550820022000831000024001052450064001292600067001933000008002606500026002686500023002945507CO-ViMGA141112s2004 ck r 000 u spa d aCO-ViMGAbspacCO-ViMGA04a350.724 M657 19961 aMonsalve T, Rodrigo10aImpuesto 1996 : bnueva reforma tributaria, ley 223 de 1995 aMedellín : bCentro InterAméricano Jurídico Financiero,  a2 v14aIMPUESTOS COLOMBIANOS14aREFORMA TRIBUTARIA